Essays on Social protection in india: (Record no. 206879)

MARC details
000 -LEADER
fixed length control field 00680nam a22001937a 4500
005 - DATE AND TIME OF LATEST TRANSACTION
control field 20241104123946.0
010 ## - LCCN (DPL NO)
LC control number ENG-142561
020 ## - INTERNATIONAL STANDARD BOOK NUMBER
International Standard Book Number 9789386262844
Terms of availability 1500.00
035 ## - SYSTEM CONTROL NUMBER
System control number EN-126093
037 ## - SOURCE OF ACQUISITION
Source of stock number/acquisition DBAD
082 ## - DEWEY DECIMAL CLASSIFICATION NUMBER
Classification number 362.954
Edition number First Edition
100 ## - MAIN ENTRY--PERSONAL NAME
Personal name Subrahmanya, R.K.A
245 ## - TITLE STATEMENT
Title Essays on Social protection in india:
Statement of responsibility, etc by R. K. A Subrahmanya
Remainder of title An Overview, Current Trends, Governance and Retbinking Social Security/
260 ## - PUBLICATION, DISTRIBUTION, ETC. (IMPRINT)
Place of publication, distribution, etc DELHI
Name of publisher, distributor, etc Shipra publications
Date of publication, distribution, etc 2019
270 ## - ADDRESS
Address LG 18-19, Pankaj Central Market I.P Ext., Patpargang,
City DELHI
Postal code 110092
300 ## - PHYSICAL DESCRIPTION
Extent 216P.
Dimensions 24cm(HB)
500 ## - GENERAL NOTE
General note vol.2
942 ## - ADDED ENTRY ELEMENTS (KOHA)
Source of classification or shelving scheme Dewey Decimal Classification
Item type English Books
Classification part 362.954
Call number suffix SUB
Holdings
Withdrawn status Lost status Materials specified (bound volume or other part) Not for loan Collection code Home library Current library Date acquired Source of acquisition Cost, normal purchase price Full call number Barcode Copy number Cost, replacement price Koha item type
    Vol 2 Not For Loan Non-fiction D.B.Act.Division D.B.Act.Division 04/11/2024 DBAD 1500.00 362.954 SUB EN-126093 1 1500.00 English Books

© Delhi Public Library
Hit Counter
free hit counter